| 000 | 00591nam a22002177a 4500 | ||
|---|---|---|---|
| 001 | 67413 | ||
| 003 | BD-RjUL | ||
| 005 | 20211209081643.0 | ||
| 008 | 170325s1969 ru a|||| |||| 001 0 eng d | ||
| 035 | _a(BD-RjUL) 67544 | ||
| 040 |
_aBD-RjUL _beng _cBD-RjUL _dBD-RjUL |
||
| 041 | _aeng | ||
| 082 |
_223 _a660.2 _bKUC 1969 |
||
| 100 |
_aKuznetsov, D _9199745 |
||
| 245 |
_aChemical engineering / _cD Kuznetsov |
||
| 260 |
_aMoscow : _bMir Publication, _c1969. |
||
| 300 |
_a328 p. : _bill. ; _c21 cm. |
||
| 500 | _aincludes index | ||
| 650 |
_aChemical engineering _9199746 |
||
| 942 |
_2ddc _cBK |
||
| 999 |
_c67413 _d67413 |
||